[Event "21MCRW_F"]
[Site "?"]
[Date "2009.??.??"]
[Round "?"]
[White "Volek, Stanislav"]
[Black "Kýhos, Alois"]
[Result "1/2-1/2"]
[WhiteElo "2308"]
[BlackElo "2457"]
[PlyCount "44"]
[EventDate "2009.??.??"]
[EventType "corr"]
[SourceDate "2004.06.03"]

1. d4 Nf6 2. Nf3 e6 3. c4 b6 4. g3 Bb7 5. Bg2 Be7 6. O-O O-O 7. Re1 d5 8. cxd5
exd5 9. Bf4 c5 10. Nc3 Nc6 11. dxc5 bxc5 12. Ne5 Na5 13. e3 h6 14. Ng4 Nc4 15.
Nxf6+ Bxf6 16. Nxd5 Nxb2 17. Nxf6+ Qxf6 18. Qd6 Bxg2 19. Qxf6 gxf6 20. Kxg2 Nd3
21. Re2 Kh7 22. Bc7 Rfc8 1/2-1/2

[Event "21MCRW_F"]
[Site "?"]
[Date "2009.??.??"]
[Round "?"]
[White "Volek, Stanislav"]
[Black "Pravec, Ladislav"]
[Result "1/2-1/2"]
[WhiteElo "2308"]
[BlackElo "2328"]
[PlyCount "66"]
[EventDate "2009.??.??"]
[EventType "corr"]
[SourceDate "2004.06.03"]

1. d4 Nf6 2. Nf3 g6 3. c4 Bg7 4. g3 d5 5. cxd5 Nxd5 6. Bg2 Nb6 7. O-O Nc6 8. e3
O-O 9. Nc3 Re8 10. d5 Na5 11. Nd4 Bd7 12. e4 c6 13. Re1 cxd5 14. exd5 Qc8 15.
Bf4 Bg4 16. f3 Nac4 17. b3 Qc5 18. Nce2 e5 19. dxe6 Bxe6 20. Rc1 Rad8 21. bxc4
Bxc4 22. Qd2 Qd5 23. Bg5 Rd7 24. Qf4 Qa5 25. Nb3 Bxb3 26. axb3 f6 27. Bxf6 Nd5
28. Qa4 Qxa4 29. bxa4 Bxf6 30. Rcd1 Be7 31. f4 Bc5+ 32. Kh1 Red8 33. Bh3 Rd6
1/2-1/2

[Event "21MCRW_F"]
[Site "?"]
[Date "2009.??.??"]
[Round "?"]
[White "Volek, Stanislav"]
[Black "Sýkora, Josef"]
[Result "0-1"]
[WhiteElo "2308"]
[BlackElo "2373"]
[PlyCount "80"]
[EventDate "2009.??.??"]
[EventType "corr"]
[SourceDate "2004.06.03"]

1. d4 d5 2. Nf3 c6 3. c4 Nf6 4. Nc3 e6 5. Bg5 dxc4 6. e4 b5 7. e5 h6 8. Bh4 g5
9. Nxg5 hxg5 10. Bxg5 Nbd7 11. g3 Bb7 12. Bg2 Qb6 13. exf6 O-O-O 14. O-O c5 15.
d5 b4 16. Rb1 Qa6 17. Re1 bxc3 18. dxe6 Bxg2 19. e7 Ba8 20. exd8=Q+ Kxd8 21.
bxc3 Bd6 22. Re3 Kc7 23. Qe2 Qc6 24. f3 Qd5 25. h4 Bxg3 26. Rd1 Qf5 27. Qxc4
Bc6 28. Kg2 Be5 29. Rd2 Rb8 30. Red3 Kb6 31. Kf2 Bb5 32. Rd6+ Bxd6 33. Rxd6+
Bc6 34. Qf4 Qxf4 35. Bxf4 Rh8 36. Kg3 Kb7 37. a3 Nb6 38. Rd2 Bd7 39. Rd6 Be6
40. Be3 Nc4 0-1